Adenauer, democratic dictator : a critical biography /

Saved in:
Bibliographic Details
Main Author: Wighton, Charles
Format: Book
Language:English
Published: London : F. Muller, 1963.
Subjects:
LEADER 01039nam a2200265 a 4500
001 c000339879
003 CARM
005 00000000000000.0
008 830718s1963 enkac 00110beng d
019 1 |a 2504217  |5 LACONCORD2021 
035 |a (OCoLC)154134730  |5 LACONCORD2021 
040 |a NWU  |c NWU  |d AAWM 
100 1 |a Wighton, Charles. 
245 1 0 |a Adenauer, democratic dictator :  |b a critical biography /  |c Charles Wighton. 
260 |a London :  |b F. Muller,  |c 1963. 
300 |a 398 p. :  |b ill., ports. ;  |c 22 cm. 
500 |a Includes index. 
500 |a Reviews: Times Literaty Supplement, 28 Nov. 1963, p.959. 
600 1 0 |a Adenauer, Konrad,  |d 1876-1967. 
650 0 |a Heads of state  |z Germany (West)  |x Biography. 
651 0 |a Germany (West)  |x Politics and government. 
852 8 |b CARM  |h A1:AN02G0  |i B08398  |p 0406739  |f BK 
082 0 4 |a 943.0870924  |2 19 
999 f f |i 26e1f285-ba31-590a-a628-5502d2f085dc  |s ceb5f6ca-f9cb-54fc-a275-810e2d50c514 
952 f f |p Can circulate  |a CAVAL  |b CAVAL  |c CAVAL  |d CARM 1 Store  |e B08398  |f A1:AN02G0  |h Other scheme  |i book  |m 0406739